Statistics for Guess The Lyrics #13

Click here to take the quiz!

General Stats

  • This quiz has been taken 262 times
  • The average score is 66 of 176

Answer Stats

Answer % Correct
I
99%
a
97%
the
95%
The
95%
an
83%
And
78%
it
77%
to
73%
in
71%
can
70%
Her
59%
of
59%
her
59%
that
54%
for
50%
This
48%
was
39%
LIke
37%
Like
37%
feel
37%
down
32%
out
31%
from
29%
now,
28%
now
28%
been
26%
eyes
24%
Oh
22%
baby
20%
comin'
18%
hers
18%
she's
16%
blue
16%
wind
15%
new
15%
back
14%
old
12%
again
12%
Before
12%
even
11%
door
9%
fall
9%
close
8%
waiting
8%
moment
8%
mother
8%
cries
7%
rollin'
7%
earth
6%
opens
6%
dies
6%
hall
5%
floor
5%
Lightning
4%
crashes,
4%
closes
4%
colored
3%
thunder
3%
placenta
3%
doctor
3%
falls
3%
angel
3%
hide
2%
hide,
2%
puts
2%
presents
2%
iris,
2%
Forces
2%
pullin'
2%
confusion
2%
sets
2%
intentions
2%
Belongs
2%
center
2%
chasing
2%
Pale
2%
circle
1%
glory
1%

Score Distribution

Percentile by Number Answered

Percent of People with Each Score

Your Score History

You have not taken this quiz